| 000 | 02134cam a2200493Mi 4500 | ||
|---|---|---|---|
| 999 |
_c5207 _d5207 |
||
| 001 | .b16067794 | ||
| 003 | OCoLC | ||
| 005 | 20250825140301.0 | ||
| 008 | 190826s2019 maua e 6 000 1 eng d | ||
| 020 |
_a9781328575487 _q(pbk.) |
||
| 020 |
_a1328575489 _q(pbk.) |
||
| 035 | _a(OCoLC)1119527549 | ||
| 040 |
_aSzZUIDS _beng _erda _cCHVBK _dOCLCO _dTWWZU _dKH8 |
||
| 042 | _anbic | ||
| 082 | _aFIC LOW | ||
| 100 |
_aLowry, Lois, _eauthor. |
||
| 245 | 1 | 4 |
_aThe giver / _cadapted by P. Craig Russel ; illustrated by P. Craig Russel, Galen Showman, Scott Hampton ; colorist: Lovern Kindzierski ; Letterer: Rick Parker ; scanning, cleanup, and digital coordination: Wayne alan Harold. |
| 246 | 1 | 4 |
_aGiver : _bthe graphic novel adaption of the newbery medal winner. |
| 264 | 1 |
_aBoston ; _aNew York : _bHoughton Mifflin Harcourt, _c[2019] |
|
| 264 | 4 | _c©1993. | |
| 300 |
_a176 pages, 7 unnumbered pages : _billustrations (some color) ; _c23 cm. |
||
| 336 |
_atext _btxt _2rdacontent. |
||
| 336 |
_astill image _bsti _2rdacontent. |
||
| 337 |
_aunmediated _bn _2rdamedia. |
||
| 338 |
_avolume _bnc _2rdacarrier. |
||
| 520 | _aJonas' life assignment is as the Receiver of Memory, where he will apprentice the Giver and become a storehouse of all the things humanity left behind when it entered utopia: color, emotion, and even more complicated secrets. | ||
| 586 | _aA Junior Library Guild selection. | ||
| 650 | 0 |
_aControl (Psychology) _vComic books, strips, etc. |
|
| 650 | 0 |
_aSocial control _vComic books, strips, etc. |
|
| 650 | 0 |
_aEthics _vComic books, strips, etc. |
|
| 650 | 0 |
_aMemory _vComic books, strips, etc. |
|
| 650 | 0 | _aGraphic novels. | |
| 650 | 1 |
_aScience fiction _vComic books, strips, etc _vFiction. |
|
| 655 | 0 | _aScience fiction comic books, strips, etc. | |
| 655 | 7 |
_aScience fiction. _2gsafd. |
|
| 655 | 7 |
_aGraphic novels. _2gsafd. |
|
| 655 | 7 |
_aComics (Graphic works) _2lcgft. |
|
| 655 | 7 |
_aGraphic novels. _2lcgft. |
|
| 700 | 1 |
_aShowman, Galen, _eillustrator. |
|
| 700 | 1 |
_aHampton, Scott, _eillustrator. |
|
| 700 | 1 | 2 |
_aLowry, Lois _d1937- _tThe giver. |
| 800 | _aRussell, P. Craig | ||
| 942 |
_2ddc _cGN |
||